| 000 | 00353 a2200133 4500 | ||
|---|---|---|---|
| 001 | 90449 | ||
| 082 | _aPR 920 | ||
| 090 |
_c42782 _d42782 |
||
| 100 | _aUmar Qayyum S M | ||
| 245 |
_aMAN 60 ton universal testing machine _nG-24 |
||
| 260 |
_aKarachi _bNED University _c1988 |
||
| 300 |
_avi, 100 p. _bhand written manuscript |
||
| 500 | _aBE Project Reports | ||
| 942 |
_aCAE NUST _kPR 920 |
||
| 999 |
_c325522 _d325522 |
||